000
00252nam a22001217a 4500
003
OSt
005
20250708145700.0
008
250708b |||||||| |||| 00| 0 eng d
040
_c
DLC
082
_a
828.92
_b
THE
245
_a
Not Dead Yet
942
_2
ddc
_c
BK
999
_c
4123
_d
4123